Guess the Taylor Swift Song (no hints) 159 - Statistics

General Stats
  • This quiz has been taken 56 times
  • The average score is 358 of 458
Answer Stats
Answer % Correct
I
100%
the
100%
The
100%
But
96%
but
96%
is
96%
It
96%
love
96%
on
96%
one
96%
one,
96%
That
96%
to
96%
You
96%
"You
96%
you
96%
And
93%
and
93%
are
93%
are,
93%
do
93%
he
93%
in
93%
me
93%
of
93%
too
93%
when
93%
When
93%
your
93%
can't
89%
for
89%
I'm
89%
My
89%
my
89%
never
89%
then
89%
this
89%
This
89%
what
89%
you're
89%
all
86%
Don't
86%
get
86%
hand
86%
how
86%
"How
86%
it's
86%
just
86%
know
86%
like
86%
No,
86%
not
86%
Oh,
86%
oh
86%
say,
86%
say
86%
we're
86%
you'll
86%
come
82%
could
82%
got
82%
had
82%
her
82%
I'll
82%
They
82%
will
82%
you've
82%
'Cause
79%
day
79%
gonna
79%
mine
79%
out
79%
out,
79%
been
75%
Now
75%
now
75%
said
75%
see
75%
about
71%
best
71%
give
71%
head
71%
La
71%
la
71%
long
71%
Stop
71%
table,
71%
take
71%
wasn't
71%
why
71%
cards
68%
checkin'
68%
down
68%
Foolish
68%
keep
68%
learn
68%
mailbox
68%
way,
68%
way
68%
we'll
68%
yours
68%
again
64%
ain't
64%
Ain't
64%
confessions
64%
done,
64%
lesson"
64%
lesson
64%
thinkin'
64%
with
64%
around
61%
Chances
61%
chances
61%
every
61%
hands
61%
hard
61%
myself
61%
or
61%
she'll
61%
sleep
61%
voices
61%
already
57%
arm
57%
call
57%
exception
57%
he's
57%
high
57%
hopes
57%
ring
57%
seem
57%
shoulder
57%
should've
57%
signs?"
57%
something
57%
tonight,
57%
waitin'
57%
enough
54%
fine
54%
maybe,
54%
maybe
54%
plans
54%
right
54%
someday,
54%
these
54%
act
50%
instead
50%
older
50%
really
50%
Sayin',
50%
situation
50%
talk
50%
tellin'
50%
walkin'
50%
attention
46%
glances,
46%
haven't
46%
intentions
46%
laugh
46%
Ooh,
46%
Over
46%
reason
46%
thoughts
46%
bulletproof
43%
delicate,
43%
finally
43%
forget
43%
starts
43%
wings
43%
longing
39%
mention
39%
something's
39%
block
36%
goodbye
36%
wall
36%
watching
36%
written
36%
called
32%
coffee
32%
mornin'
32%
news
32%
'round
32%
screamin'
32%
silence
32%
slidin'
32%
waiting
32%
while
32%
Wishful
32%
Sittin'
25%
No matching quizzes found
Score Distribution
Percent of People with Each Score
Percentile by Number Answered
Your Score History
You have not taken this quiz